| 000 | 00740naa a2200181 4500 | ||
|---|---|---|---|
| 001 | KS201903121211bd | ||
| 003 | CH-000902-1 | ||
| 005 | 20200613184211.0 | ||
| 008 | t1910 gw ger | ||
| 040 | _cKS Beda | ||
| 100 | 1 |
_93891 _aBrandis, Ferdinand |
|
| 245 | 1 | 4 |
_aDer Volksschulunterricht der katholischen Kinder in den deutschen Bundesstaaten : _bEine Studie / _cvon Ferdinand Brandis |
| 260 | _c1910 | ||
| 300 |
_a28 S. ; _c26 cm |
||
| 500 | _aIn: Frankfurter zeitgemäße Broschüren. - 29 (1910). - Heft 7 (S. 209-236) | ||
| 942 |
_2ddc _cARTIKEL |
||
| 999 |
_c13993 _d13993 |
||
| 773 | 0 |
_013537 _970586 _a _b _dFrankfurt : A. Foesser ; Hamm : Breer & Thiemann, 1880-1922 _o035401 _tFrankfurter zeitgemässe Broschüren _w(CH-000902-1)KS201907181636bd _x _z |
|